00473 a2200157 4500001000700000020000600007040001100013100002500024240006200049245005700111362000900168697001000177942000700187952010200194999001900296168897 a  cMagnum aBaremblitt, Gregorio10aCompendio de analise institucional e outra correnteslpor10aCompendio de analise institucional e outra correntes0 a1899 aGERAL cBK 00104070a32.5b32.5d2024-06-08l0oLI.07648pMAG00013440r2024-06-08 20:41:21w2024-06-08yBK c168897d168897